01317nam a2200217 a 450000100100000000500170001000800410002704000250006808200140009311101660010724501450027326000370041830000200045550001140047504900090058995201270059895201270072595201120085295201180096499900170108200001416620200929163512.0091207s1972 dr 000 0 spa d aDO-SdBNPbspacBNPHU axxxbP9532 aReunión del grupo de trabajo regional interamericano sobre desarrollo de la comunidad de los países del Cariben(1a :d3-9 may. 1972 :cSanto Domingo)93201510aInforme Final :bPrimera reunión del grupo de trabajo regional interamericano sobre desarrollo de la comunidad de los países del Caribe. aSanto Domingo :b[ s.n.],c1972. a67 p. ;c24 cm. aPaíses Participantes: Haití, Jamaica, Puerto rico, Estado Unidos, Trinidad-Tobago, República Dominicana aBNPD 001054708DSaGRbGRcCTd2009-12-07iLF1l0oxxx P953p14166-30r2020-06-25te. 4w2020-06-25yLFDSZPréstamo en sala 001054708DSaGRbGRcCTd2009-12-07iLF1l0oxxx P953p14166-40r2020-06-25te. 3w2020-06-25yLFDSZPréstamo en sala 0010718PDaPDbPDcCTd2009-12-07iLF1l0oxxx P953p14166-10r2020-06-25w2020-06-25yLFPDZNo se presta 0010718PDaPDbPDcCTd2009-12-07iLF1l0oxxx P953p14166-20r2020-06-25te. 2w2020-06-25yLFPDZNo se presta c13767d13767